Normal view
MARC view
Entry Topical Term
001 - CONTROL NUMBER
- control field: 174
003 - CONTROL NUMBER IDENTIFIER
- control field: BD-RjUL
005 - DATE AND TIME OF LATEST TRANSACTION
- control field: 20211213131604.0
008 - FIXED-LENGTH DATA ELEMENTS
- fixed length control field: 211213|| aca||aabn | a|a d
040 ## - CATALOGING SOURCE
- Original cataloging agency: BD-RjUL
- Transcribing agency: BD-RjUL
150 ## - HEADING--TOPICAL TERM
- Topical term or geographic name entry element: Arabic Language
- Form subdivision: Dictionary
670 ## - SOURCE DATA FOUND
- Source citation: Work cat.: (BD-RjUL)78993: أعظمي، محمد حسن ;; Azami, Muhammad Hassan 172, المعجم الأعظم :: يعني عربي اردو لغات ;; almuejam al'aezam :: yaeni earabiun ardu lughat /